书目信息 |
| 题名: |
岩石力学
|
|
| 作者: | 张永兴 主编 | |
| 分册: | ||
| 出版信息: | 北京 中国建筑工业出版社 2008.03 |
|
| 页数: | 246页 | |
| 开本: | 23cm | |
| 丛书名: | ||
| 单 册: | ||
| 中图分类: | TU45 | |
| 科图分类: | ||
| 主题词: | 岩石力学--高等教育--教材 | |
| 电子资源: | ||
| ISBN: | 978-7-112-09866-8 | |
| 000 | 00678nam0 2200229 450 | |
| 001 | 1252949396 | |
| 005 | 20181218092827.93 | |
| 010 | @a978-7-112-09866-8@dCNY26.00 | |
| 100 | @a20080320d2008 y0chiy0110 ea | |
| 101 | 0 | @achi |
| 102 | @aCN@b110000 | |
| 105 | @ay z 000yy | |
| 200 | 1 | @a岩石力学@9yan shi li xue@f张永兴主编 |
| 205 | @a2版 | |
| 210 | @a北京@c中国建筑工业出版社@d2008.03 | |
| 215 | @a246页@d23cm | |
| 300 | @a普通高等教育土建学科专业“十一五”规划教材 高校土木工程专业指导委员会规划推荐教材 | |
| 606 | 0 | @a岩石力学@x高等教育@j教材 |
| 690 | @aTU45@v4 | |
| 701 | 0 | @a张永兴@9zhang yong xing@4主编 |
| 801 | 0 | @aCN@bSG11@c20080321 |
| 905 | @aZUCC@dTU45@eZ2371=2 | |
| 岩石力学/张永兴主编.-2版.-北京:中国建筑工业出版社,2008.03 |
| 246页;23cm |
| 普通高等教育土建学科专业“十一五”规划教材 高校土木工程专业指导委员会规划推荐教材 |
| ISBN 978-7-112-09866-8:CNY26.00 |
| ● |
| 相关链接 |
|
|
|
正题名:岩石力学
索取号:TU45/Z2371=2
 
预约/预借
| 序号 | 登录号 | 条形码 | 馆藏地/架位号 | 状态 | 备注 |
| 1 | 1301173 | 213011738 | 建筑库101/101建筑库 95排4列4层/ [索取号:TU45/Z2371=2] | 在馆 | |
| 2 | 484902 | 204849021 | 土木与交通工程学院资料室/ [索取号:TU45/Z2371=2] | 在馆 | |
| 3 | 487981 | 204879818 | 自科二线404/404自科库 26排2列4层/ [索取号:TU45/Z2371=2] | 在馆 | |
| 4 | 487982 | 204879827 | 建筑库101/101建筑库 95排4列4层/ [索取号:TU45/Z2371=2] | 在馆 | |
| 5 | 489298 | 204892982 | 自科二线404/404自科库 26排1列4层/ [索取号:TU45/Z2371=2] | 在馆 |